| LEADER | 00695njm a22002177u 4500 | ||
|---|---|---|---|
| 001 | 000079110-5 | ||
| 005 | 20100105134148.0 | ||
| 008 | 831123|1976 is ||||j|||||| ||| heb|| | ||
| 028 | 0 | 2 | |a BAN 14612 |b Hed Arzi |
| 035 | 0 | |a ocm34390556 | |
| 100 | 0 | |a Ilanit, |d 1947- | |
| 245 | 1 | 0 | |a Shirim she-yeladim ohavim |h sound recording : |b ṿeha-shirim ha-yafim shel Miryam Yalan-Sheteḳelis. |
| 260 | 0 | |a Ramat Gan : |b Hed Arzi, |c 1976. | |
| 300 | |a 1 sound disc : |b 33 1/3 rpm, stereo. ; |c 12 in. | ||
| 490 | 0 | |a Melodin | |
| 650 | 0 | |a Songs, Hebrew |z Israel. | |
| 650 | 0 | |a Children's songs, Hebrew |z Israel. | |
| 700 | 2 | |a Yalan-Stekelis, Miriam, |d 1900-1984. | |
| 752 | |a Israel |d Ramat Gan | ||
| 988 | |a 20020608 | ||
| 906 | |0 MH | ||


